5 Biggest 5 letter Cities in each Continent - Statistics

General Stats
  • This quiz has been taken 35 times
  • The average score is 18 of 30
Answer Stats
Continent Letter Population City % Correct
Europe P 12,146,952 Paris
100%
Asia T 40,855,721 Tokyo
100%
Africa C 23,064,955 Cairo
97%
Africa L 21,095,133 Lagos
91%
S. America Q 2,411,870 Quito
91%
Europe M 5,813,955 Milan
88%
Asia O 19,032,805 Ōsaka
88%
Oceania P 2,340,067 Perth
88%
Africa D 4,204,997 Dakar
85%
Asia D 35,129,667 Delhi
85%
Asia D 21,509,852 Dhaka
85%
Africa A 5,870,439 Accra
79%
N. America M 6,117,994 Miami
79%
Asia S 26,075,994 Seoul
79%
Africa A 4,125,740 Abuja
74%
N. America T 2,783,045 Tampa
71%
Europe M 2,003,557 Minsk
68%
S. America B 1,970,056 Belém
53%
Europe S 1,851,594 Sofia
53%
N. America O 819,508 Omaha
50%
S. America N 1,314,048 Natal
47%
Europe L 1,922,483 Leeds
44%
N. America T 722,810 Tulsa
29%
S. America S 757,336 Salta
15%
N. America O 608,857 Ogden
12%
S. America P 630,244 Piura
12%
Oceania A 37,452 Arawa
3%
Oceania D 44,426 Dubbo
3%
Oceania K 52,206 Kimbe
3%
Oceania W 68,328 Wewak
3%
No matching quizzes found
Score Distribution
Percent of People with Each Score
Percentile by Number Answered
Your Score History
You have not taken this quiz